| 000 | 00502nam a2200181 a 4500 | ||
|---|---|---|---|
| 005 | 20140310183207.0 | ||
| 008 | 030203s19uu xx 00 eng d | ||
| 020 | _a0766832015 | ||
| 050 |
_aRT 69 _b.W582 2002 |
||
| 100 | _aWhite, Lois | ||
| 245 |
_aBasic nursing : _bfoundations of skills and concepts / _cLois White. |
||
| 260 |
_aCanada : _bDelmar, _c2002. |
||
| 300 |
_a919 p. : _bill. col. ; _c26 cm. |
||
| 521 | _aNUR | ||
| 650 | _aPractical nursing | ||
| 942 |
_cBK _2lcc _kFOR |
||
| 999 |
_c20030 _d20030 |
||